| 000 | 02135nas1a22003011i 4500 | ||
|---|---|---|---|
| 001 | RU\NLR\Per\1188322 | ||
| 005 | 20260408025717.0 | ||
| 011 | _a2221-254X | ||
| 035 | _a(NLR Aleph) 010990230 | ||
| 090 |
_a10922054 _c10922054 |
||
| 100 | _a20151229a20109999|||y0rusy50 ca | ||
| 101 | 0 | _arus | |
| 102 | _aRU | ||
| 110 | _aah||||||||| | ||
| 200 | 1 |
_aПрофессиональный проект: идеи, технологии, результаты _dProfessional'nyj proekt: idei, tehnologii, rezul'taty _eнаучный журнал _fАвтоном. некоммер. орг. Науч.-образоват. центр "Со-Действие", Автоном. некоммер. образоват. орг. доп. проф. образования "Урал. акад. комплекс. безопасности и стратег. исслед." _zint |
|
| 210 |
_aМосква _c[б. и.] _aЧелябинск _cФартекс _d2015 - |
||
| 510 | 1 |
_aProfessional'nyj proekt: idei, tehnologii, rezul'taty _zint |
|
| 606 | 1 |
_aГуманитарные науки _jПериодические издания _92175177 _3RU\NLR\AUTH\661308230 |
|
| 686 | 1 | _aЧ21я54 | |
| 686 | 1 | _aС.я54 | |
| 712 | 0 | 2 |
_4570 _a"Со-Действие", научно-образовательный центр _cЧелябинск _9507825 _3RU\NLR\AUTH\880421451 |
| 712 | 0 | 2 |
_4570 _a"Профессиональный проект", общество с ограниченной ответственностью _cМосква _3RU\NLR\AUTH\8810186961 _9867859 |
| 852 |
_aNLR _jП1/920 |
||
| 942 | _cJOURNAL | ||
| 980 | _aRUSPER | ||